000 01418nam a22002417a 4500
005 20120713160028.0
010 _aB-458408-412
020 _a978143102458
_c399.00
035 _aB-458408-412
037 _adpl
_bK.K.Pub / Ven
082 _a954
245 _aShaam-e-Awadh ;
_cedited by Veena Talwar oldenburg
_bwritings on Lucknow
260 _aNew Delhi
_bPenguin
_c2007
270 _a11 community centre pancheel park
_bNew delhi
300 _aix, 275p
_c22cm
942 _2ddc
_cEN
_mSHA
_h954
999 _c68401
_d68401